Gabriela clavo y canela / (Record no. 187807)

MARC details
000 -CABECERA
campo de control de longitud fija 00668nam a2200217 u 4500
005 - FECHA Y HORA DE LA ÚLTIMA TRANSACCIÓN
campo de control 20220628073936.0
008 - ELEMENTOS DE LONGITUD FIJA--INFORMACIÓN GENERAL
campo de control de longitud fija 170131s1985 mx r 000 0 spa d
020 ## - NÚMERO INTERNACIONAL NORMALIZADO PARA LIBROS
Número Internacional Estándar del Libro 9682201640
035 ## - NÚMERO DE CONTROL DEL SISTEMA
Número de control de sistema UPN01000215707
049 ## - COLECCIÓN
Colección CG
050 #4 - SIGNATURA TOPOGRÁFICA DE LA BIBLIOTECA DEL CONGRESO
Número de clasificación PQ9697 A4.2
Número de documento/Ítem G3.2a
100 1# - ASIENTO PRINCIPAL--NOMBRE PERSONAL
Nombre de persona Amado, Jorge,
Fechas asociadas al nombre 1912-2001
9 (RLIN) 30788
245 10 - MENCIÓN DE TÍTULO
Título Gabriela clavo y canela /
Mención de responsabilidad, etc. Jorge Amado ; tr. Haydée Jofré Barroso.
260 ## - PUBLICACIÓN, DISTRIBUCIÓN, ETC.
Lugar de publicación, distribución, etc. México :
Nombre del editor, distribuidor, etc. Origen :
-- Planeta,
Fecha de publicación, distribución, etc. c1985.
300 ## - DESCRIPCIÓN FÍSICA
Extensión 357 p.
440 #0 - MENCIÓN DE SERIE/ASIENTO SECUNDARIO--TÍTULO
Título Literatura contemporánea seix barral ;
Designación de volumen o secuencia 22
534 ## - NOTA SOBRE LA VERSIÓN ORIGINAL
Frase introductoria Titulo original:
Mención de título del original Gabriela, cravo e canela
650 #0 - ASIENTO SECUNDARIO DE MATERIA - TERMINO TEMATICO
Término de materia o nombre geográfico como elemento de entrada Novela brasileña
9 (RLIN) 5077
905 ## - TIPO DE MATERIAL
Tipo de material Libro
Holdings
Estado de retiro Estado de pérdida Fuente del sistema de clasificación o colocación Estado dañado No para préstamo Código de colección Localización permanente Ubicación/localización actual Ubicación en estantería Total de préstamos Clasificación Código de barras Fecha visto por última vez Número de copia Tipo de ítem Koha
    Library of Congress Classification     Colección General Bib. Gregorio Torres Quintero Bib. Gregorio Torres Quintero Planta baja   PQ9697 A4.2 G3.2a 315903 31/12/2020 1 Libro